[Event "Bahn-SC Wuppertal 1 - SC Rochade Emsdet"]
[Site "NRW-Klasse, Gruppe 1 2015/201"]
[Date "2015.11.22"]
[Round "3.3"]
[White "Mueller, Achim"]
[Black "Savchenko, Aleksij"]
[Result "0-1"]
[WhiteElo "2077"]
[BlackElo "2202"]
[PlyCount "44"]
[EventDate "2015.??.??"]
[WhiteTeam "SC Rochade Emsdetten 1"]
[BlackTeam "Bahn-SC Wuppertal 1"]

1. e4 c5 2. Nf3 d6 3. d4 cxd4 4. Nxd4 Nf6 5. Nc3 a6 6. Be2 g6 7. Be3 Bg7 8. Qd2
O-O 9. O-O-O Qc7 10. h4 Nc6 11. h5 Nxd4 12. Bxd4 Be6 13. hxg6 fxg6 14. f4 Rac8
15. f5 Nxe4 16. Nxe4 Bxd4 17. c3 Be5 18. Rxh7 Bxf5 19. Ng5 Qa5 20. Rdh1 Qxa2
21. Bc4+ Qxc4 22. Nf7 Rxf7 0-1

[Event "Bahn-SC Wuppertal 1 - SC Rochade Emsdet"]
[Site "NRW-Klasse, Gruppe 1 2015/201"]
[Date "2015.11.22"]
[Round "3.4"]
[White "Bashilin, Roman"]
[Black "Hiller, Simon"]
[Result "1/2-1/2"]
[WhiteElo "2216"]
[BlackElo "2064"]
[PlyCount "90"]
[EventDate "2015.??.??"]
[WhiteTeam "Bahn-SC Wuppertal 1"]
[BlackTeam "SC Rochade Emsdetten 1"]

1. d4 d5 2. Nf3 c6 3. c3 Bf5 4. Bf4 e6 5. e3 Nf6 6. Nbd2 Nbd7 7. Qb3 Qb6 8. Nh4
Ne4 9. Nxf5 exf5 10. Bd3 g6 11. Nf3 Qxb3 12. axb3 a6 13. b4 Rc8 14. Bxe4 fxe4
15. Nd2 Nb6 16. Nb3 Nc4 17. Ra2 Bd6 18. Bxd6 Nxd6 19. Nc5 O-O 20. Ke2 f5 21. g3
Rf6 22. h4 Rc7 23. b3 h6 24. Rc2 Rg7 25. c4 g5 26. hxg5 hxg5 27. cxd5 cxd5 28.
Na4 f4 29. g4 fxe3 30. fxe3 Rgf7 31. Nc3 Rf2+ 32. Kd1 Rxc2 33. Kxc2 Rf2+ 34.
Kc1 Kg7 35. Nxd5 Rg2 36. Rf1 Ne8 37. Rf5 Rxg4 38. Re5 Nf6 39. Nc3 Kg6 40. d5
Rh4 41. Kd2 Rh2+ 42. Ke1 Rh3 43. Ke2 Rh2+ 44. Ke1 Rh3 45. Ke2 Rh2+ 1/2-1/2

[Event "Bahn-SC Wuppertal 1 - SC Rochade Emsdet"]
[Site "NRW-Klasse, Gruppe 1 2015/201"]
[Date "2015.11.22"]
[Round "3.6"]
[White "Tueckmantel, Rene"]
[Black "Lemli, Thomas"]
[Result "1/2-1/2"]
[WhiteElo "2131"]
[BlackElo "1992"]
[PlyCount "45"]
[EventDate "2015.??.??"]
[WhiteTeam "Bahn-SC Wuppertal 1"]
[BlackTeam "SC Rochade Emsdetten 1"]

1. c4 c6 2. e4 d5 3. exd5 cxd5 4. d4 Nf6 5. Nc3 g6 6. Nf3 Bg7 7. Be2 O-O 8. O-O
Nc6 9. h3 dxc4 10. Bxc4 Na5 11. Bd3 Be6 12. Be3 Rc8 13. Rc1 Bc4 14. b3 Bxd3 15.
Qxd3 Nc6 16. Rfd1 Qa5 17. Na4 b6 18. Bd2 Qd5 19. Nc3 Qd6 20. Nb5 Qd7 21. Qe2
Nd5 22. Be3 a6 23. Na3 1/2-1/2

[Event "Bahn-SC Wuppertal 1 - SC Rochade Emsdet"]
[Site "NRW-Klasse, Gruppe 1 2015/201"]
[Date "2015.11.22"]
[Round "3.7"]
[White "Schelwokat, Peter"]
[Black "Werbeck, Torsten"]
[Result "0-1"]
[WhiteElo "1955"]
[BlackElo "2092"]
[PlyCount "60"]
[EventDate "2015.??.??"]
[WhiteTeam "SC Rochade Emsdetten 1"]
[BlackTeam "Bahn-SC Wuppertal 1"]

1. d4 Nf6 2. c4 c5 3. d5 b5 4. a4 bxc4 5. Nc3 d6 6. e4 g6 7. Bxc4 Bg7 8. f4 O-O
9. Nf3 Ba6 10. Bb5 Bb7 11. O-O Na6 12. Qe2 Nb4 13. Bc4 Qc7 14. Kh1 Rad8 15. Bd2
Qb8 16. a5 Bc8 17. Ra3 Bg4 18. Be1 Nh5 19. g3 e6 20. Rb3 Qc7 21. Nb5 Qxa5 22.
Ra3 Qb6 23. Rxa7 exd5 24. exd5 Bh3 25. Rg1 Bd7 26. Ra3 Rde8 27. Qf1 Nxd5 28.
Ba5 Qb8 29. Rb3 Ne3 30. Qd3 Qa8 0-1

[Event "Bahn-SC Wuppertal 1 - SC Rochade Emsdet"]
[Site "NRW-Klasse, Gruppe 1 2015/201"]
[Date "2015.11.22"]
[Round "3.8"]
[White "Bogorad, Michail"]
[Black "Lehmann, Mona"]
[Result "1-0"]
[WhiteElo "2003"]
[BlackElo "1933"]
[PlyCount "107"]
[EventDate "2015.??.??"]
[WhiteTeam "Bahn-SC Wuppertal 1"]
[BlackTeam "SC Rochade Emsdetten 1"]

1. e4 c5 2. Nc3 g6 3. d3 Nc6 4. Be3 d6 5. d4 cxd4 6. Bxd4 e5 7. Be3 Qa5 8. Bc4
Nf6 9. f3 Be6 10. Bxe6 fxe6 11. Nge2 Rd8 12. Bg5 Bg7 13. O-O Qb6+ 14. Kh1 h6
15. Bh4 g5 16. Bf2 Qa5 17. Qd3 O-O 18. Qb5 Qxb5 19. Nxb5 a6 20. Nbc3 Rf7 21.
Rad1 Bf8 22. a3 Rc8 23. Bb6 Nd7 24. Bf2 Nf6 25. Kg1 Na5 26. b3 b5 27. Rd2 Rc6
28. Na2 Rfc7 29. Nb4 d5 30. Nxc6 Rxc6 31. exd5 exd5 32. Ng3 Bxa3 33. Nf5 Kh7
34. Re2 e4 35. Bd4 exf3 36. gxf3 Kg6 37. Ne3 Rd6 38. f4 Ne4 39. f5+ Kf7 40. Be5
Rd7 41. Ng4 Bc5+ 42. Kh1 h5 43. Nh6+ Kf8 44. f6 Nc6 45. Bb2 Nd4 46. Rg2 g4 47.
b4 Bb6 48. f7 Ng5 49. Rf6 Ba7 50. Rxa6 Ndf3 51. Re2 Nxf7 52. Rf6 Bb8 53. Nxf7
Rxf7 54. Rfe6 1-0

[Event "Kölner SK Dr. Lasker 1 - SK Werther 1"]
[Site "NRW-Klasse, Gruppe 1 2015/201"]
[Date "2015.11.22"]
[Round "3.1"]
[White "Suchland, Marko"]
[Black "Paris, Michael"]
[Result "1-0"]
[WhiteElo "2152"]
[BlackElo "2194"]
[PlyCount "79"]
[EventDate "2015.??.??"]
[WhiteTeam "SK Werther 1"]
[BlackTeam "Kölner SK Dr. Lasker 1"]

1. e4 e5 2. Nc3 Nc6 3. g3 Bc5 4. Bg2 Nf6 5. Nge2 a6 6. O-O d6 7. h3 Be6 8. Nd5
Qd7 9. d3 Ng8 10. Kh2 O-O-O 11. c3 Nce7 12. Nxe7+ Qxe7 13. d4 Ba7 14. d5 Bd7
15. c4 f5 16. exf5 g6 17. b4 Nf6 18. Qb3 h5 19. Be3 Bxe3 20. Qxe3 Bxf5 21. Kg1
Kb8 22. Rfd1 Qd7 23. c5 Qb5 24. a3 Rhf8 25. Nc3 Qc4 26. c6 Qb3 27. cxb7 Kxb7
28. Bf1 Ra8 29. a4 Nd7 30. a5 Kc8 31. b5 Nc5 32. bxa6 Kd8 33. Qg5+ Ke8 34. Nb5
Nxa6 35. Rac1 Rd8 36. Nxc7+ Nxc7 37. Rxc7 Rd7 38. Rdc1 Qxd5 39. Rc8+ Kf7 40.
Bc4 1-0

[Event "Kölner SK Dr. Lasker 1 - SK Werther 1"]
[Site "NRW-Klasse, Gruppe 1 2015/201"]
[Date "2015.11.22"]
[Round "3.2"]
[White "Lindam, Ingo"]
[Black "Freiberger, Jonas"]
[Result "0-1"]
[WhiteElo "2058"]
[BlackElo "2149"]
[PlyCount "78"]
[EventDate "2015.??.??"]
[WhiteTeam "Kölner SK Dr. Lasker 1"]
[BlackTeam "SK Werther 1"]

1. d4 f5 2. e4 fxe4 3. Nc3 Nf6 4. Bg5 Nc6 5. d5 Ne5 6. Qe2 Nf7 7. h4 c6 8.
O-O-O Qa5 9. Bxf6 gxf6 10. Qxe4 Qc5 11. Nf3 Qxf2 12. dxc6 dxc6 13. Bc4 Bh6+ 14.
Ng5 Nxg5 15. hxg5 Bxg5+ 16. Kb1 Bf5 17. Qe2 Qxe2 18. Nxe2 Bg4 19. Rd4 Bxe2 20.
Bxe2 e5 21. Rd3 Rd8 22. Rxd8+ Kxd8 23. Rd1+ Kc7 24. Bg4 e4 25. Rd7+ Kb6 26. b4
h5 27. Be2 h4 28. c4 a6 29. Bg4 Re8 30. Kc2 e3 31. Be2 Ka7 32. c5 Re4 33. a3
Rf4 34. Kd3 Rf2 35. Re7 Rxg2 36. Bf3 Rd2+ 37. Kc4 Kb8 38. Re8+ Kc7 39. Bg4 b5+
0-1

[Event "Kölner SK Dr. Lasker 1 - SK Werther 1"]
[Site "NRW-Klasse, Gruppe 1 2015/201"]
[Date "2015.11.22"]
[Round "3.3"]
[White "Haskenhoff, Jan"]
[Black "Kloss, Henning"]
[Result "0-1"]
[WhiteElo "2096"]
[BlackElo "2165"]
[PlyCount "68"]
[EventDate "2015.??.??"]
[WhiteTeam "SK Werther 1"]
[BlackTeam "Kölner SK Dr. Lasker 1"]

1. e4 c5 2. c3 Nf6 3. e5 Nd5 4. Nf3 e6 5. d4 cxd4 6. cxd4 b6 7. Nc3 Bb7 8. a3
d6 9. Bd3 Nxc3 10. bxc3 Nd7 11. O-O dxe5 12. Nxe5 Nxe5 13. dxe5 Qd5 14. f3 Bc5+
15. Kh1 O-O-O 16. Be2 Qxe5 17. Qc2 Bd6 18. f4 Qe4 19. Qxe4 Bxe4 20. Be3 Bc5 21.
Bxc5 bxc5 22. Rfd1 Kc7 23. Kg1 Rxd1+ 24. Rxd1 Rb8 25. Kf2 Rb2 26. Ke3 f5 27.
Bd3 Bxd3 28. Kxd3 Rxg2 29. Kc4 Rf2 30. Kxc5 Rxf4 31. c4 Re4 32. Kb5 f4 33. Rg1
g6 34. c5 f3 0-1

[Event "Kölner SK Dr. Lasker 1 - SK Werther 1"]
[Site "NRW-Klasse, Gruppe 1 2015/201"]
[Date "2015.11.22"]
[Round "3.4"]
[White "Nagel, Bernhard"]
[Black "Henkemeier, Markus"]
[Result "1/2-1/2"]
[WhiteElo "2182"]
[BlackElo "1984"]
[PlyCount "86"]
[EventDate "2015.??.??"]
[WhiteTeam "Kölner SK Dr. Lasker 1"]
[BlackTeam "SK Werther 1"]

1. Nf3 d5 2. d4 Nf6 3. c4 c6 4. e3 Bg4 5. h3 Bxf3 6. Qxf3 e6 7. Qd1 Nbd7 8. Bd3
Bd6 9. O-O O-O 10. Nc3 dxc4 11. Bxc4 e5 12. Bb3 Qe7 13. Re1 Nb6 14. Bd2 Rad8
15. Qe2 Rfe8 16. dxe5 Qxe5 17. f4 Qc5 18. Rac1 Bxf4 19. Nd5 Qd6 20. Bb4 Bxe3+
21. Kh1 Qxb4 22. Nxb4 Bxc1 23. Qf2 Bh6 24. Rxe8+ Rxe8 25. Nd3 Be3 26. Qf5 Bd4
27. Qf4 c5 28. Qc7 c4 29. Bxc4 Nxc4 30. Qxc4 Bb6 31. b4 g6 32. a4 Ne4 33. g4
Nd2 34. Qf4 Be3 35. Qc7 Bb6 36. Qxb7 Re2 37. Qc8+ Kg7 38. Qc3+ Kg8 39. Nc5 Re1+
40. Kg2 Re2+ 41. Kg1 Re1+ 42. Kg2 Re2+ 43. Kg1 Re1+ 1/2-1/2

[Event "Kölner SK Dr. Lasker 1 - SK Werther 1"]
[Site "NRW-Klasse, Gruppe 1 2015/201"]
[Date "2015.11.22"]
[Round "3.5"]
[White "Goecke, Karl Ulrich"]
[Black "Cramer, Volker"]
[Result "1-0"]
[WhiteElo "2065"]
[BlackElo "2065"]
[Annotator "Hausrath,Daniel"]
[PlyCount "123"]
[EventDate "2015.??.??"]
[WhiteTeam "SK Werther 1"]
[BlackTeam "Kölner SK Dr. Lasker 1"]

1. d4 f5 2. c4 Nf6 3. Nf3 g6 4. e3 Bg7 5. b4 O-O 6. Bb2 d6 7. Qb3 Kh8 8. Be2
Qe8 9. O-O h6 10. Nc3 c6 11. c5 a5 12. b5 dxc5 13. dxc5 e5 14. Na4 Be6 15. Qc2
Nfd7 16. Rfd1 Qf7 17. Qd2 Bd5 18. bxc6 Bxc6 19. Nb6 Nxb6 20. Nxe5 Qe6 21. Nxc6
Qxc6 22. Bxg7+ Kxg7 23. Qd4+ Rf6 24. cxb6 Qxb6 25. Qxb6 Rxb6 $11 26. Rd8 Rb2
27. Bf1 a4 28. g3 a3 29. Rc1 b5 30. Rc7+ Kf6 31. f4 Ra6 32. Rxb8 Rd6 33. Rxb5
Rd1 34. Rcb7 Rxb5 35. Rxb5 Ra1 36. Rb6+ Kg7 37. Ra6 Rxa2 38. Bc4 Ra1+ 39. Kf2
g5 40. h3 gxf4 41. gxf4 h5 42. Kg3 Rc1 43. Bb3 Rc3 44. Rxa3 Rxe3+ 45. Kg2 h4
46. Ra7+ Kg6 47. Ra6+ Kg7 48. Be6 Rg3+ 49. Kf2 Rxh3 50. Bxf5 Rc3 51. Rg6+ Kf7
52. Rh6 Rc5 53. Be4 Ra5 54. Rxh4 Ra2+ 55. Kf3 Ra4 56. Rh6 Kg7 57. Rg6+ Kf7 58.
Rb6 Kg7 59. f5 Ra5 60. Kf4 Ra4 61. Ke5 Ra5+ 62. Bd5 1-0

[Event "Kölner SK Dr. Lasker 1 - SK Werther 1"]
[Site "NRW-Klasse, Gruppe 1 2015/201"]
[Date "2015.11.22"]
[Round "3.6"]
[White "Loseries, Uwe"]
[Black "Ortpaul, Mario"]
[Result "1-0"]
[WhiteElo "2144"]
[BlackElo "1964"]
[PlyCount "51"]
[EventDate "2015.??.??"]
[WhiteTeam "Kölner SK Dr. Lasker 1"]
[BlackTeam "SK Werther 1"]

1. d4 Nf6 2. c4 e6 3. Nf3 c5 4. d5 b5 5. Bg5 exd5 6. cxd5 d6 7. e3 a6 8. a4
Qa5+ 9. Nbd2 Nxd5 10. axb5 Qb4 11. Be2 Qxb2 12. Rb1 Qa3 13. Nc4 Qc3+ 14. Kf1
axb5 15. Qxd5 Ra1 16. Ncd2 Rxb1+ 17. Nxb1 Qc1+ 18. Ne1 Qxb1 19. Qa8 Be7 20.
Qxb8 Bxg5 21. Qxc8+ Bd8 22. Qc6+ Ke7 23. Bxb5 Ba5 24. Qd7+ Kf6 25. Qxd6+ Kg5
26. h4+ 1-0

[Event "Kölner SK Dr. Lasker 1 - SK Werther 1"]
[Site "NRW-Klasse, Gruppe 1 2015/201"]
[Date "2015.11.22"]
[Round "3.7"]
[White "Jakovljevic, Goran"]
[Black "Mandt, Mathias"]
[Result "1/2-1/2"]
[WhiteElo "1891"]
[BlackElo "2085"]
[PlyCount "55"]
[EventDate "2015.??.??"]
[WhiteTeam "SK Werther 1"]
[BlackTeam "Kölner SK Dr. Lasker 1"]

1. e4 Nf6 2. Nc3 d5 3. exd5 Nxd5 4. Nxd5 Qxd5 5. d4 Nc6 6. c3 e5 7. Nf3 exd4 8.
Nxd4 Nxd4 9. Qxd4 Qxd4 10. cxd4 Bb4+ 11. Bd2 Bxd2+ 12. Kxd2 Be6 13. Kc3 O-O-O
14. Bc4 Rd6 15. Bxe6+ Rxe6 16. Rhe1 Rhe8 17. Rxe6 Rxe6 18. Kd3 Kd7 19. b4 Rf6
20. Ke3 Rg6 21. g3 Re6+ 22. Kd3 g5 23. f4 gxf4 24. gxf4 Rh6 25. Rh1 Rh3+ 26.
Ke4 c6 27. d5 cxd5+ 28. Kxd5 1/2-1/2

[Event "Kölner SK Dr. Lasker 1 - SK Werther 1"]
[Site "NRW-Klasse, Gruppe 1 2015/201"]
[Date "2015.11.22"]
[Round "3.8"]
[White "di Franco, Patricio"]
[Black "Hufendiek, Ekkehard"]
[Result "1-0"]
[WhiteElo "2057"]
[BlackElo "1832"]
[Annotator "Hausrath,Daniel"]
[PlyCount "61"]
[EventDate "2015.??.??"]
[WhiteTeam "Kölner SK Dr. Lasker 1"]
[BlackTeam "SK Werther 1"]

1. d4 Nf6 2. c4 e6 3. Nf3 Bb4+ 4. Nbd2 c5 5. a3 Bxd2+ 6. Bxd2 d6 7. e3 Nbd7 8.
Qc2 a5 9. Bd3 e5 10. Bc3 Qe7 11. dxe5 dxe5 12. Nd2 b6 13. Rd1 Bb7 14. Ne4 O-O
15. Nd6 Bxg2 16. Nf5 Qe6 17. Rg1 e4 18. Nh6+ Kh8 19. Rxg2 exd3 20. Rxd3 Qh3 21.
Rg3 $11 Qxh6 22. Rd6 Qxh2 23. Rxd7 Qh1+ 24. Ke2 Qh4 25. Qf5 Qxc4+ 26. Ke1 Qe6
27. Qxe6 fxe6 28. Rgxg7 Nxd7 29. Rxd7+ Kg8 30. Rg7+ Kh8 31. Rg6+ 1-0

[Event "SF Neuenkirchen 1 - SC Hansa Dortmund 2"]
[Site "NRW-Klasse, Gruppe 2 2015/201"]
[Date "2015.11.22"]
[Round "3.1"]
[White "Pap, Misa"]
[Black "Wilde, Pierre"]
[Result "1-0"]
[WhiteElo "2433"]
[BlackElo "2235"]
[PlyCount "61"]
[EventDate "2015.??.??"]
[WhiteTeam "SC Hansa Dortmund 2"]
[BlackTeam "SF Neuenkirchen 1"]

1. e4 c5 2. Nf3 a6 3. c3 d5 4. exd5 Qxd5 5. d4 e6 6. Be3 cxd4 7. cxd4 Nf6 8.
Nc3 Qd6 9. Bd3 Nc6 10. a3 g6 11. Ne4 Nxe4 12. Bxe4 Bg7 13. Rc1 O-O 14. Bxc6
bxc6 15. Qd2 Rd8 16. O-O Bd7 17. Bf4 Qd5 18. Rc5 Qb3 19. Bc7 Rdc8 20. Bd6 Be8
21. Ne5 Rd8 22. Nc4 Rac8 23. Rc1 Qb7 24. Qe3 Qd7 25. h4 h5 26. Ra5 Qb7 27. Rc3
Qa7 28. Bc5 Qb7 29. Rb3 Qd7 30. Nb6 Qc7 31. Nxc8 1-0

[Event "SF Neuenkirchen 1 - SC Hansa Dortmund 2"]
[Site "NRW-Klasse, Gruppe 2 2015/201"]
[Date "2015.11.22"]
[Round "3.3"]
[White "Schroeder, Kevin"]
[Black "Rieke, Theo"]
[Result "1-0"]
[WhiteElo "2217"]
[BlackElo "2015"]
[PlyCount "97"]
[EventDate "2015.??.??"]
[WhiteTeam "SC Hansa Dortmund 2"]
[BlackTeam "SF Neuenkirchen 1"]

1. e4 e5 2. Nf3 Nc6 3. Bb5 Nf6 4. Qe2 a6 5. Ba4 b5 6. Bb3 Bc5 7. a4 Bb7 8. axb5
axb5 9. Rxa8 Qxa8 10. Nc3 O-O 11. Qxb5 Qa7 12. Qe2 Nd4 13. Nxd4 exd4 14. Nd5
Bxd5 15. Bxd5 d3 16. Qxd3 Bxf2+ 17. Kd1 c6 18. Bb3 Re8 19. Qf3 Rxe4 20. Rf1 Bc5
21. Bxf7+ Kh8 22. Bb3 d5 23. c3 Bd6 24. d3 Re8 25. h3 Qb6 26. Ba4 Ra8 27. b3
Rf8 28. Kc2 Kg8 29. Qe3 Qc7 30. Qe6+ Kh8 31. Qe2 d4 32. c4 c5 33. Bg5 h6 34.
Bd2 Rf7 35. Qf3 Rf8 36. Qc6 Nd7 37. Qxc7 Bxc7 38. Rxf8+ Nxf8 39. b4 Bd6 40. b5
Bc7 41. Kb2 Nd7 42. Bd1 Nb6 43. Kc2 Kg8 44. Ba5 Kf7 45. Bf3 Ke6 46. Kd1 Kf5 47.
Ke2 g6 48. Be4+ Kg5 49. Bd2+ 1-0

[Event "SF Neuenkirchen 1 - SC Hansa Dortmund 2"]
[Site "NRW-Klasse, Gruppe 2 2015/201"]
[Date "2015.11.22"]
[Round "3.4"]
[White "Buendgen, Achim"]
[Black "Kotter, Ralf"]
[Result "0-1"]
[WhiteElo "2137"]
[BlackElo "2285"]
[PlyCount "72"]
[EventDate "2015.??.??"]
[WhiteTeam "SF Neuenkirchen 1"]
[BlackTeam "SC Hansa Dortmund 2"]

1. d4 Nf6 2. Bg5 e6 3. Nd2 h6 4. Bh4 c5 5. e3 cxd4 6. exd4 Be7 7. c3 b6 8. Ngf3
O-O 9. Bd3 Ba6 10. Bxa6 Nxa6 11. Qe2 Nc7 12. a4 Ncd5 13. Ne5 Rc8 14. O-O d6 15.
Nd3 Nd7 16. Bxe7 Nxe7 17. Ne4 d5 18. Ng3 Nc6 19. f4 Re8 20. Rae1 f5 21. Kh1 Nf6
22. Ne5 Rc7 23. h3 Nxe5 24. fxe5 Nh7 25. Qh5 Qd7 26. Ra1 Rc4 27. Qd1 Rf8 28.
Ne2 Ng5 29. b3 Rc7 30. Rc1 Rfc8 31. Qe1 Ne4 32. Rf3 a5 33. Ng3 b5 34. axb5 Qxb5
35. Nxe4 fxe4 36. c4 exf3 0-1

[Event "SF Neuenkirchen 1 - SC Hansa Dortmund 2"]
[Site "NRW-Klasse, Gruppe 2 2015/201"]
[Date "2015.11.22"]
[Round "3.5"]
[White "Karger, Frank"]
[Black "Seegers, Hendrik"]
[Result "1/2-1/2"]
[WhiteElo "2264"]
[BlackElo "2130"]
[Annotator "Hausrath,Daniel"]
[PlyCount "185"]
[EventDate "2015.??.??"]
[WhiteTeam "SC Hansa Dortmund 2"]
[BlackTeam "SF Neuenkirchen 1"]

1. d4 d5 2. c4 e6 3. Nc3 c6 4. e4 dxe4 5. Nxe4 Bb4+ 6. Nc3 Nf6 7. a3 Be7 8. Nf3
Nbd7 9. Be2 Qc7 10. O-O b6 11. Bg5 Bb7 12. Re1 O-O 13. Bf1 Rfe8 14. Qd2 Rad8
15. Rad1 Nf8 16. Bxf6 Bxf6 17. Ne4 Be7 18. Nc3 Ng6 19. Qe3 Rd7 20. c5 Red8 21.
b4 Qf4 22. Qxf4 Nxf4 23. g3 Ng6 24. Bg2 h6 25. h4 Bf6 26. Na4 Ba6 27. cxb6 axb6
28. Nxb6 Rb7 29. Na4 Ra7 30. Nc5 Bb5 31. Ra1 Ne7 32. a4 Bc4 33. Rac1 Bd5 34. b5
cxb5 35. axb5 Rb8 36. Rb1 Rb6 37. Ne5 Bxe5 38. dxe5 Bxg2 39. Kxg2 Ra5 40. Ne4
Rbxb5 41. Rxb5 Rxb5 42. Nd2 Nc6 43. Nf3 h5 44. Re4 Kh7 45. Kf1 Kg6 46. Ke2 Rb2+
47. Ke3 Nb4 48. Nd4 Nd5+ 49. Kf3 Nc3 50. Re3 Nd1 51. Re2 Rb4 52. Rd2 Nc3 53.
Rd3 Rc4 54. Kg2 Ne4 55. Ne2 Nc5 56. Rd8 Rc2 $11 57. Nf4+ Kh7 58. Rc8 Rc3 59.
Nxh5 Ne4 60. Rxc3 Nxc3 61. Nf4 Ne4 62. Kf3 Nc5 63. Ke3 Kh6 64. Nd3 Nd7 65. g4
Nf8 66. f4 Ng6 67. h5 Ne7 68. Kd4 g6 69. hxg6 Kxg6 70. Nc5 Kg7 71. Ke4 Kg6 72.
Nd7 Nd5 73. Nc5 Nc3+ 74. Kf3 Nd5 75. Ne4 Ne7 76. Nd6 Nd5 77. Ke4 Nc3+ 78. Kd3
Nd5 79. Ke4 Nc3+ 80. Kf3 Nd5 81. f5+ exf5 82. gxf5+ Kg5 83. Ke4 Nc3+ 84. Kd4
Ne2+ 85. Kd5 Nc3+ 86. Kc6 Ne2 87. f6 Kg6 88. Kd7 Nf4 89. Ke8 Nd5 90. Ne4 Kf5
91. Kxf7 Kxe5 92. Kg7 Nxf6 93. Nxf6 1/2-1/2

[Event "SF Neuenkirchen 1 - SC Hansa Dortmund 2"]
[Site "NRW-Klasse, Gruppe 2 2015/201"]
[Date "2015.11.22"]
[Round "3.6"]
[White "Haves, Reinhard"]
[Black "Sundorf, Jannik"]
[Result "0-1"]
[WhiteElo "2113"]
[BlackElo "2103"]
[PlyCount "52"]
[EventDate "2015.??.??"]
[WhiteTeam "SF Neuenkirchen 1"]
[BlackTeam "SC Hansa Dortmund 2"]

1. d4 Nf6 2. g3 d5 3. Bg2 c6 4. Nf3 e6 5. O-O Be7 6. c4 O-O 7. Nc3 b6 8. b3 Ba6
9. Nd2 b5 10. Bb2 Nbd7 11. Qc2 Rc8 12. Rfd1 c5 13. Nxb5 Bxb5 14. cxb5 cxd4 15.
Qd3 e5 16. Bh3 Qb6 17. a4 Bb4 18. Rac1 Rxc1 19. Bxc1 e4 20. Qc2 Ne5 21. Bg2
Neg4 22. Nf1 Nxf2 23. Rxd4 Qxd4 24. Be3 Qe5 25. Bxf2 d4 26. Qc4 Bc3 0-1

[Event "SF Neuenkirchen 1 - SC Hansa Dortmund 2"]
[Site "NRW-Klasse, Gruppe 2 2015/201"]
[Date "2015.11.22"]
[Round "3.7"]
[White "Babar, Michael"]
[Black "Hachmeister, Dirk"]
[Result "1/2-1/2"]
[WhiteElo "2079"]
[BlackElo "2154"]
[PlyCount "59"]
[EventDate "2015.??.??"]
[WhiteTeam "SC Hansa Dortmund 2"]
[BlackTeam "SF Neuenkirchen 1"]

1. e4 d6 2. d4 c6 3. c3 Nf6 4. Bd3 e5 5. Ne2 g6 6. O-O Bg7 7. Bg5 h6 8. Bc1 Qe7
9. f3 O-O 10. Be3 Nbd7 11. Qd2 Kh7 12. Kh1 d5 13. Ng3 dxe4 14. Nxe4 Nxe4 15.
Bxe4 Nf6 16. Bc2 Nd5 17. Na3 b5 18. Rae1 Qh4 19. Bf2 Qh5 20. Be4 Be6 21. Bg3
exd4 22. cxd4 Rad8 23. Nc2 Ne7 24. Qb4 Nf5 25. Bf4 Nxd4 26. Nxd4 Bxd4 27. Bxc6
Bc4 28. Rg1 Qc5 29. Qxc5 Bxc5 30. Be3 1/2-1/2

[Event "SF Neuenkirchen 1 - SC Hansa Dortmund 2"]
[Site "NRW-Klasse, Gruppe 2 2015/201"]
[Date "2015.11.22"]
[Round "3.8"]
[White "Beckmann, Klaus"]
[Black "Berndt, Joachim"]
[Result "1/2-1/2"]
[WhiteElo "2069"]
[BlackElo "2073"]
[PlyCount "47"]
[EventDate "2015.??.??"]
[WhiteTeam "SF Neuenkirchen 1"]
[BlackTeam "SC Hansa Dortmund 2"]

1. e4 e5 2. Nf3 Nc6 3. Bb5 a6 4. Bxc6 dxc6 5. O-O Qf6 6. d4 exd4 7. Qxd4 Qxd4
8. Nxd4 Bd7 9. Be3 O-O-O 10. Nc3 c5 11. Nde2 Re8 12. Rfe1 Bc6 13. Ng3 h5 14. f3
h4 15. Nf1 Nf6 16. h3 Bd6 17. Bf2 b6 18. Ne3 g6 19. Rad1 Be5 20. Nc4 Bf4 21.
Ne3 Be5 22. Nc4 Bf4 23. Ne3 Be5 24. Nc4 1/2-1/2

[Event "Herforder SV Königsspringer 1 - Ratinge"]
[Site "NRW-Klasse, Gruppe 2 2015/201"]
[Date "2015.11.22"]
[Round "3.1"]
[White "Preuschoff, Michael"]
[Black "Kirnos, Evgeni"]
[Result "0-1"]
[WhiteElo "2142"]
[BlackElo "2172"]
[Annotator "Hausrath,Daniel"]
[PlyCount "84"]
[EventDate "2015.??.??"]
[WhiteTeam "Ratinger SK 1"]
[BlackTeam "Herforder SV Königsspringer 1"]

1. Nf3 Nf6 2. c4 e6 3. d4 d5 4. Nc3 c6 5. e3 Nbd7 6. Qc2 Be7 7. Be2 O-O 8. O-O
dxc4 9. a4 c5 10. dxc5 Bxc5 11. Bxc4 a6 12. e4 Qc7 13. Qe2 Ng4 14. g3 Nge5 15.
Nxe5 Nxe5 16. Bf4 Bd6 17. Ba2 Nc6 18. Be3 Nb4 19. Bb3 Bd7 20. Rac1 Bc6 21. Rfd1
Be7 22. Bd4 Rfe8 23. Qg4 Bf8 24. Nb5 axb5 25. axb5 Qa5 26. bxc6 Nxc6 27. Rc5
Qb4 28. Bxg7 Bxg7 29. Rg5 Qf8 30. e5 Rad8 31. Re1 Nd4 32. Ba2 f5 33. exf6 Qxf6
34. f4 Ra8 35. Bb1 Nf5 36. Qh5 Rf8 37. Re5 Qf7 38. Re1 Qxh5 39. Rxh5 Ra6 40. g4
Nh6 41. g5 Nf5 42. Rh3 Bxb2 {Rest unleserlich!} 0-1

[Event "Herforder SV Königsspringer 1 - Ratinge"]
[Site "NRW-Klasse, Gruppe 2 2015/201"]
[Date "2015.11.22"]
[Round "3.2"]
[White "Peist, Juergen"]
[Black "Welzel, Philipp"]
[Result "1-0"]
[WhiteElo "2235"]
[BlackElo "2129"]
[PlyCount "39"]
[EventDate "2015.??.??"]
[WhiteTeam "Herforder SV Königsspringer 1"]
[BlackTeam "Ratinger SK 1"]

1. Nf3 c5 2. b3 d5 3. Bb2 Nf6 4. e3 Bg4 5. Bb5+ Nbd7 6. h3 Bxf3 7. Qxf3 e6 8.
c4 Be7 9. cxd5 exd5 10. O-O O-O 11. d4 cxd4 12. Bxd4 Ne4 13. Nc3 Ndf6 14. Rad1
Qa5 15. Bxf6 Nxf6 16. Nxd5 Nxd5 17. Rxd5 Qxa2 18. Bc4 a6 19. Rd7 Bf6 20. Rxf7
1-0

[Event "Herforder SV Königsspringer 1 - Ratinge"]
[Site "NRW-Klasse, Gruppe 2 2015/201"]
[Date "2015.11.22"]
[Round "3.3"]
[White "Dinescu, Adrian"]
[Black "Kassebaum, Roman"]
[Result "0-1"]
[WhiteElo "2220"]
[BlackElo "2255"]
[Annotator "Hausrath,Daniel"]
[PlyCount "70"]
[EventDate "2015.??.??"]
[WhiteTeam "Ratinger SK 1"]
[BlackTeam "Herforder SV Königsspringer 1"]

1. e4 c5 2. Nf3 g6 3. d4 cxd4 4. Nxd4 Bg7 5. Nc3 Nc6 6. Nb3 Nf6 7. Be2 O-O 8.
O-O a5 9. a4 Nb4 10. Bg5 d6 11. Kh1 Be6 12. Nd4 Rc8 13. Ndb5 Bc4 14. Bxc4 Rxc4
15. Qe2 Qc8 16. f4 Qe6 17. Rae1 Rfc8 18. e5 dxe5 19. Qxe5 Qxe5 20. fxe5 Nfd5
21. Nxd5 Nxd5 22. Rd1 R8c5 23. e6 $11 f6 24. Bd2 h5 25. Bxa5 Rxa4 26. b4 Rxb5
27. c4 Rbxa5 28. bxa5 Ne3 29. Ra1 Rxa1 30. Rxa1 Nxc4 31. a6 bxa6 32. Rxa6 f5
33. Kg1 Bd4+ 34. Kf1 Be5 35. g3 Kg7 0-1

[Event "Herforder SV Königsspringer 1 - Ratinge"]
[Site "NRW-Klasse, Gruppe 2 2015/201"]
[Date "2015.11.22"]
[Round "3.6"]
[White "Quelle, Helmut"]
[Black "Graeber, Ralf"]
[Result "1/2-1/2"]
[WhiteElo "2098"]
[BlackElo "2086"]
[PlyCount "46"]
[EventDate "2015.??.??"]
[WhiteTeam "Herforder SV Königsspringer 1"]
[BlackTeam "Ratinger SK 1"]

1. Nf3 Nf6 2. g3 b6 3. Bg2 Bb7 4. O-O c5 5. c4 g6 6. Nc3 Bg7 7. d4 cxd4 8. Qxd4
O-O 9. Qh4 Na6 10. e4 d6 11. Rd1 Qc8 12. Nd5 Re8 13. Bg5 Nc5 14. Nd4 Nxd5 15.
exd5 e5 16. dxe6 Nxe6 17. Bxb7 Qxb7 18. Nxe6 Rxe6 19. Rab1 Rae8 20. Be3 Re4 21.
Qh3 Rxc4 22. Rxd6 Qe4 23. Rdd1 Bf6 1/2-1/2

[Event "Herforder SV Königsspringer 1 - Ratinge"]
[Site "NRW-Klasse, Gruppe 2 2015/201"]
[Date "2015.11.22"]
[Round "3.7"]
[White "Gatterer, Matthias"]
[Black "Loemker, Michael"]
[Result "1/2-1/2"]
[WhiteElo "2050"]
[BlackElo "2052"]
[Annotator "Hausrath,Daniel"]
[PlyCount "37"]
[EventDate "2015.??.??"]
[WhiteTeam "Ratinger SK 1"]
[BlackTeam "Herforder SV Königsspringer 1"]

1. d4 g6 2. Nf3 Bg7 3. c4 Nf6 4. Nc3 O-O 5. g3 d6 6. Bg2 Nbd7 7. O-O e5 8. e4
c6 9. b3 Re8 10. Re1 a6 11. a4 a5 12. h3 h6 $11 13. Be3 Kh7 14. Qc2 Qe7 15.
Rad1 Nf8 16. Kh2 Kg8 17. Bc1 Qc7 18. Ba3 N8d7 19. Bc1 1/2-1/2